<?xml version="1.0" encoding="UTF-8"?>
<collection xmlns="http://www.loc.gov/MARC21/slim">
  <record>
    <leader>00000nam  2200000   4500</leader>
    <controlfield tag="001">INLIS000000000020394</controlfield>
    <controlfield tag="005">20250617014008</controlfield>
    <datafield tag="035" ind1="#" ind2="#">
      <subfield code="a">0010-0625000136</subfield>
    </datafield>
    <controlfield tag="007">ta</controlfield>
    <controlfield tag="008">250617################|##########|#|##</controlfield>
    <datafield tag="084" ind1="#" ind2="#">
      <subfield code="a">R 092 PKN II 2023</subfield>
    </datafield>
    <datafield tag="100" ind1=" " ind2="#">
      <subfield code="a">Lalu Wiranata</subfield>
    </datafield>
    <datafield tag="245" ind1="1" ind2="#">
      <subfield code="a">Strategi Akselerasi Sistem Inovasi Daerah (SINOVA) Melalui Penetapan Regulasi Daerah di Kabupaten Lombok Tengah /</subfield>
      <subfield code="c">Lalu Wiranata</subfield>
    </datafield>
    <datafield tag="260" ind1="#" ind2="#">
      <subfield code="a">Jakarta :</subfield>
      <subfield code="b">Pusbangkom Pimnas dan Manajerial ASN,</subfield>
      <subfield code="c">2023</subfield>
    </datafield>
    <datafield tag="300" ind1="#" ind2="#">
      <subfield code="a">29 hlm. ;</subfield>
      <subfield code="c">30 cm</subfield>
    </datafield>
    <datafield tag="650" ind1="#" ind2="4">
      <subfield code="a">Sistem Inovasi</subfield>
    </datafield>
    <datafield tag="520" ind1="#" ind2="#">
      <subfield code="a">Pemerintah Daerah melalui Badan Perencanaan Pembangunan, Riset dan Inovasi Daerah (BAPPERIDA) semestinya mampu mendorong capaian yang optimal dalam inovasi daerah. Akan tetapi target indikator inovasi daerah saat ini di Kabupaten Lombok Tengah masih belum tercapai. Diperlukan sebuah terobosan untuk mengakselerasi sistem yang telah dimandatkan. Sistem tersebut diharapkan dapat mendukung akselerasi inovasi di Kabupaten Lombok tengah terutama dalam mencapai tujuan peningkatan kualitas pelayanan publik, meningkatkan pemberdayaan dan peran serta masyarakat serta meningkatkan daya saing daerah. Akselerasi sistem itu akan dilakukan dengan menerapkan Sistem Inovasi daerah (SINOVA) melalui penetapan regulasi daerah dan dukungan Pentahelix.</subfield>
    </datafield>
    <datafield tag="990" ind1="#" ind2="#">
      <subfield code="a">2407092</subfield>
    </datafield>
  </record>
</collection>
